000 00593nam a22001697a 4500
999 _c233
_d233
003 CISL
005 20210610012057.0
008 181119r20152014ii a|||g |||| 00| f ben d
040 _cCISL
082 _222
_a891.44371
_bDBN
100 _aদেবনাথ, নারায়ণ
_4Narayan Debnath
245 _aনন্টে ফন্টে সমগ্র /
_cনারায়ণ দেবনাথ
260 _aকলকাতা:
_bদীপ প্রকাশন,
_cc2015.
300 _a512 p. :
_b23.05 cm.
650 _xJuvenile literature
_xBengali Story
_zIndia
942 _2ddc
_cBK